Jolly dot to dot. (Record no. 114447)
[ view plain ]
| 000 -LEADER | |
|---|---|
| fixed length control field | 00343nam a2200133 a 4500 |
| 005 - DATE AND TIME OF LATEST TRANSACTION | |
| control field | 20140414132100.0 |
| 008 - FIXED-LENGTH DATA ELEMENTS--GENERAL INFORMATION | |
| fixed length control field | 100702s19uu xx 00 eng d |
| 050 ## - LIBRARY OF CONGRESS CALL NUMBER | |
| Classification number | TR 741 |
| Item number | J75 2004 |
| 245 ## - TITLE STATEMENT | |
| Title | Jolly dot to dot. |
| 260 ## - PUBLICATION, DISTRIBUTION, ETC. (IMPRINT) | |
| Place of publication, distribution, etc | Malaysia : |
| Name of publisher, distributor, etc | Little Sun Sdn. Bhd. |
| 440 ## - SERIES STATEMENT/ADDED ENTRY--TITLE | |
| Title | Kindergarten series |
| 650 ## - SUBJECT ADDED ENTRY--TOPICAL TERM | |
| Topical term or geographic name as entry element | Activity book |
| Withdrawn status | Lost status | Damaged status | Home library | Current library | Shelving location | Date acquired | Source of acquisition | Total Checkouts | Full call number | Barcode | Date last seen | Price effective from | Koha item type |
|---|---|---|---|---|---|---|---|---|---|---|---|---|---|
| Munich Library | Munich Library | Teachers Reference Section | 07/02/2010 | TR 741 J75 2004 | M6281 | 04/14/2014 | 04/14/2014 | Books |